000 00417nam a2200145Ia 4500
008 100204s9999 xx 000 0 und d
082 _b8165
100 _aनंदा गुलशन
245 _aमर्यादा
260 _b"दिलिप प्रकाशन , मुंबई"
_c1986
300 _a228
630 _aमर्यादा
730 _aमर्यादा
942 _cBOOK
999 _c452601
_d452598